Elementary statistics : from discovery to decision

This book encourages and explains, nurturing competency.From an educative standpoint it builds up the students confidence and sense of accomplishment.

שמור ב:
מידע ביבליוגרפי
מחבר ראשי: Pelosi, Marilyn K.
פורמט: ספר
שפה:Undetermined
יצא לאור: New Jersey John Wiley & Sons 2003
נושאים:
תגים: הוספת תג
אין תגיות, היה/י הראשונ/ה לתייג את הרשומה!
Thư viện lưu trữ: Trung tâm Học liệu Trường Đại học Cần Thơ
LEADER 00735nam a2200205Ia 4500
001 CTU_213549
008 210402s9999 xx 000 0 und d
082 |a 519.5 
082 |b P385 
100 |a Pelosi, Marilyn K. 
245 0 |a Elementary statistics : 
245 0 |b from discovery to decision 
245 0 |c Marilyn K.Pelosi, Theresa M.Sandifer 
260 |a New Jersey 
260 |b John Wiley & Sons 
260 |c 2003 
520 |a This book encourages and explains, nurturing competency.From an educative standpoint it builds up the students confidence and sense of accomplishment. 
650 |a Statistics,Thống kê 
904 |i Phạm Thị Chuyên, Năm 
980 |a Trung tâm Học liệu Trường Đại học Cần Thơ